The Uses of Experiment (Record no. 121670)
[ view plain ]
| 000 -LEADER | |
|---|---|
| fixed length control field | 00563nam a22001457a 4500 |
| 008 - FIXED-LENGTH DATA ELEMENTS--GENERAL INFORMATION | |
| fixed length control field | 150114b xxu||||| |||| 00| 0 eng d |
| 050 ## - LIBRARY OF CONGRESS CALL NUMBER | |
| Classification number | Q182.3.U74 1985 |
| 100 ## - MAIN ENTRY--PERSONAL NAME | |
| Personal name | Gooding, David (comp) |
| 9 (RLIN) | 13957 |
| 245 ## - TITLE STATEMENT | |
| Title | The Uses of Experiment |
| Remainder of title | abstracts of papers prepared for the BSHS/BSA conference on experimentation in the Natural Science |
| Statement of responsibility, etc | David Gooding |
| 260 ## - PUBLICATION, DISTRIBUTION, ETC. (IMPRINT) | |
| Place of publication, distribution, etc | Bath |
| Name of publisher, distributor, etc | University of Bath |
| Date of publication, distribution, etc | 1985 |
| 300 ## - PHYSICAL DESCRIPTION | |
| Extent | 98p. ; |
| Dimensions | 21cm. |
| 650 ## - SUBJECT ADDED ENTRY--TOPICAL TERM | |
| Topical term or geographic name as entry element | Science |
| General subdivision | experiments |
| -- | philosophy |
| 9 (RLIN) | 13719 |
| 650 ## - SUBJECT ADDED ENTRY--TOPICAL TERM | |
| Topical term or geographic name as entry element | Science |
| General subdivision | methodology |
| -- | case studies |
| 9 (RLIN) | 13958 |
| 942 ## - ADDED ENTRY ELEMENTS (KOHA) | |
| Source of classification or shelving scheme | Library of Congress Classification |
| Item type | Monograph ( Printed materials) |
| Withdrawn status | Lost status | Source of classification or shelving scheme | Damaged status | Not for loan | Collection code | Home library | Current library | Shelving location | Date acquired | Total Checkouts | Full call number | Barcode | Date last seen | Price effective from | Koha item type |
|---|---|---|---|---|---|---|---|---|---|---|---|---|---|---|---|
| Library of Congress Classification | Main Collection | ARRUPE LIBRARY | ARRUPE LIBRARY | Main Collection | 14/01/2015 | Q182.3.U74 1985 | 46500003274 | 03/07/2019 | 14/01/2015 | Monograph ( Printed materials) |